Online Catalogue and eLibrary

Classical readings in culture and civilization / (Record no. 237)

MARC details
000 -LEADER
fixed length control field 00625cam a2200217 a 4500
001 - CONTROL NUMBER
control field 1655225
005 - DATE AND TIME OF LATEST TRANSACTION
control field 20240130044750.0
008 - FIXED-LENGTH DATA ELEMENTS--GENERAL INFORMATION
fixed length control field 971007s1998 enk b 001 0 eng
020 ## - INTERNATIONAL STANDARD BOOK NUMBER
ISBN 0415105161 (HB)
020 ## - INTERNATIONAL STANDARD BOOK NUMBER
ISBN 041510517X (PB)
040 ## - CATALOGING SOURCE (பட்டியலாக்க மூலம்)
Original cataloging agency DLC
Transcribing agency DLC
Modifying agency DLC
082 00 - DDC Classification
Class No. 306
DDC Edition Number 21
245 00 - TITLE STATEMENT
Title Classical readings in culture and civilization /
Statement of responsibility, etc. edited by John Rundell and Steven Mennell.
260 ## - PUBLICATION, DISTRIBUTION, ETC.
Place of publication, distribution, etc. London ;
-- New York :
Name of publisher, distributor, etc. Routledge,
Date of publication, distribution, etc. 1998.
300 ## - PHYSICAL DESCRIPTION
Extent (e.g. Volumes, Pages etc.) viii, 248 p. ;
650 #0 - SUBJECT ADDED ENTRY--TOPICAL TERM
Topical term or geographic name entry element Culture.
650 #0 - SUBJECT ADDED ENTRY--TOPICAL TERM
Topical term or geographic name entry element Civilization, Modern.
700 1# - ADDED ENTRY--PERSONAL NAME
Personal name Mennell, Stephen.
Relator term (Role) Editor
700 1# - ADDED ENTRY--PERSONAL NAME
Personal name Rundell, John F.
Relator term (Role) Editor
942 ## - Koha item type (Biblio)
Koha item type Books in Stacks (Lending)
Holdings
Lost status Damaged status Collection code Home library Current library Date acquired Full call number Accession Number Item type
    Lending WERC Library WERC Library 01/30/2024 306 2846 Books in Stacks (Lending)

© WERC Library